<?xml version="1.0" encoding="UTF-8"?>
<record
    xmlns:xsi="http://www.w3.org/2001/XMLSchema-instance"
    xsi:schemaLocation="http://www.loc.gov/MARC21/slim http://www.loc.gov/standards/marcxml/schema/MARC21slim.xsd"
    xmlns="http://www.loc.gov/MARC21/slim">

  <leader>00661nam a22001937a 4500</leader>
  <datafield tag="952" ind1=" " ind2=" ">
    <subfield code="0">0</subfield>
    <subfield code="1">0</subfield>
    <subfield code="2">ddc</subfield>
    <subfield code="4">0</subfield>
    <subfield code="7">1</subfield>
    <subfield code="8">NFIC</subfield>
    <subfield code="a">ASL</subfield>
    <subfield code="b">ASL</subfield>
    <subfield code="c">GEN</subfield>
    <subfield code="d">2016-12-15</subfield>
    <subfield code="e">ASB Publications</subfield>
    <subfield code="h">ASP-032</subfield>
    <subfield code="l">0</subfield>
    <subfield code="o">922.97 ALM</subfield>
    <subfield code="p">100161</subfield>
    <subfield code="r">2016-12-15 00:00:00</subfield>
    <subfield code="t">C-1</subfield>
    <subfield code="w">2016-12-15</subfield>
    <subfield code="y">BK</subfield>
    <subfield code="z">RARE</subfield>
  </datafield>
  <datafield tag="952" ind1=" " ind2=" ">
    <subfield code="0">0</subfield>
    <subfield code="1">0</subfield>
    <subfield code="2">ddc</subfield>
    <subfield code="4">0</subfield>
    <subfield code="7">1</subfield>
    <subfield code="8">NFIC</subfield>
    <subfield code="a">ASL</subfield>
    <subfield code="b">ASL</subfield>
    <subfield code="c">GEN</subfield>
    <subfield code="d">2016-12-15</subfield>
    <subfield code="e">ASB Publications</subfield>
    <subfield code="h">ASP-032</subfield>
    <subfield code="l">0</subfield>
    <subfield code="o">922.97 ALM</subfield>
    <subfield code="p">100162</subfield>
    <subfield code="r">2016-12-15 00:00:00</subfield>
    <subfield code="t">C-2</subfield>
    <subfield code="w">2016-12-15</subfield>
    <subfield code="y">BK</subfield>
    <subfield code="z">RARE</subfield>
  </datafield>
  <datafield tag="952" ind1=" " ind2=" ">
    <subfield code="0">0</subfield>
    <subfield code="1">0</subfield>
    <subfield code="2">ddc</subfield>
    <subfield code="4">0</subfield>
    <subfield code="7">1</subfield>
    <subfield code="8">NFIC</subfield>
    <subfield code="a">ASL</subfield>
    <subfield code="b">ASL</subfield>
    <subfield code="c">GEN</subfield>
    <subfield code="d">2016-12-15</subfield>
    <subfield code="e">ASB Publications</subfield>
    <subfield code="h">ASP-032</subfield>
    <subfield code="l">0</subfield>
    <subfield code="o">922.97 ALM</subfield>
    <subfield code="p">100163</subfield>
    <subfield code="r">2016-12-15 00:00:00</subfield>
    <subfield code="t">C-3</subfield>
    <subfield code="w">2016-12-15</subfield>
    <subfield code="y">BK</subfield>
    <subfield code="z">RARE</subfield>
  </datafield>
  <datafield tag="952" ind1=" " ind2=" ">
    <subfield code="0">0</subfield>
    <subfield code="1">0</subfield>
    <subfield code="2">ddc</subfield>
    <subfield code="4">0</subfield>
    <subfield code="7">1</subfield>
    <subfield code="8">NFIC</subfield>
    <subfield code="a">ASL</subfield>
    <subfield code="b">ASL</subfield>
    <subfield code="c">GEN</subfield>
    <subfield code="d">2016-12-15</subfield>
    <subfield code="e">ASB Publications</subfield>
    <subfield code="h">ASP-032</subfield>
    <subfield code="l">0</subfield>
    <subfield code="o">922.97 ALM</subfield>
    <subfield code="p">100164</subfield>
    <subfield code="r">2016-12-15 00:00:00</subfield>
    <subfield code="t">C-4</subfield>
    <subfield code="w">2016-12-15</subfield>
    <subfield code="y">BK</subfield>
    <subfield code="z">RARE</subfield>
  </datafield>
  <datafield tag="952" ind1=" " ind2=" ">
    <subfield code="0">0</subfield>
    <subfield code="1">0</subfield>
    <subfield code="2">ddc</subfield>
    <subfield code="4">0</subfield>
    <subfield code="7">1</subfield>
    <subfield code="8">NFIC</subfield>
    <subfield code="a">ASL</subfield>
    <subfield code="b">ASL</subfield>
    <subfield code="c">GEN</subfield>
    <subfield code="d">2016-12-15</subfield>
    <subfield code="e">ASB Publications</subfield>
    <subfield code="h">ASP-032</subfield>
    <subfield code="l">0</subfield>
    <subfield code="o">922.97 ALM</subfield>
    <subfield code="p">100165</subfield>
    <subfield code="r">2016-12-15 00:00:00</subfield>
    <subfield code="t">C-5</subfield>
    <subfield code="w">2016-12-15</subfield>
    <subfield code="y">BK</subfield>
    <subfield code="z">RARE</subfield>
  </datafield>
  <datafield tag="952" ind1=" " ind2=" ">
    <subfield code="0">0</subfield>
    <subfield code="1">0</subfield>
    <subfield code="2">ddc</subfield>
    <subfield code="4">0</subfield>
    <subfield code="7">0</subfield>
    <subfield code="8">NFIC</subfield>
    <subfield code="a">ASL</subfield>
    <subfield code="b">ASL</subfield>
    <subfield code="c">GEN</subfield>
    <subfield code="d">2021-04-03</subfield>
    <subfield code="e">ASB Publications</subfield>
    <subfield code="h">ASP-032</subfield>
    <subfield code="l">0</subfield>
    <subfield code="o">922.97 ALM</subfield>
    <subfield code="p">108247</subfield>
    <subfield code="r">2021-04-03 00:00:00</subfield>
    <subfield code="t">C-6</subfield>
    <subfield code="w">2021-04-03</subfield>
    <subfield code="y">BK</subfield>
    <subfield code="z">RARE</subfield>
  </datafield>
  <datafield tag="952" ind1=" " ind2=" ">
    <subfield code="0">0</subfield>
    <subfield code="1">0</subfield>
    <subfield code="2">ddc</subfield>
    <subfield code="4">0</subfield>
    <subfield code="7">0</subfield>
    <subfield code="8">NFIC</subfield>
    <subfield code="a">ASL</subfield>
    <subfield code="b">ASL</subfield>
    <subfield code="c">GEN</subfield>
    <subfield code="d">2021-04-03</subfield>
    <subfield code="e">ASB Publications</subfield>
    <subfield code="h">ASP-032</subfield>
    <subfield code="l">0</subfield>
    <subfield code="o">922.97 ALM</subfield>
    <subfield code="p">108248</subfield>
    <subfield code="r">2021-04-03 00:00:00</subfield>
    <subfield code="t">C-7</subfield>
    <subfield code="w">2021-04-03</subfield>
    <subfield code="y">BK</subfield>
    <subfield code="z">RARE</subfield>
  </datafield>
  <datafield tag="952" ind1=" " ind2=" ">
    <subfield code="0">0</subfield>
    <subfield code="1">0</subfield>
    <subfield code="2">ddc</subfield>
    <subfield code="4">0</subfield>
    <subfield code="7">0</subfield>
    <subfield code="8">NFIC</subfield>
    <subfield code="a">ASL</subfield>
    <subfield code="b">ASL</subfield>
    <subfield code="c">GEN</subfield>
    <subfield code="d">2021-04-03</subfield>
    <subfield code="e">ASB Publications</subfield>
    <subfield code="h">ASP-032</subfield>
    <subfield code="l">0</subfield>
    <subfield code="o">922.97 ALM</subfield>
    <subfield code="p">108249</subfield>
    <subfield code="r">2021-04-03 00:00:00</subfield>
    <subfield code="t">C-8</subfield>
    <subfield code="w">2021-04-03</subfield>
    <subfield code="y">BK</subfield>
    <subfield code="z">RARE</subfield>
  </datafield>
  <datafield tag="952" ind1=" " ind2=" ">
    <subfield code="0">0</subfield>
    <subfield code="1">0</subfield>
    <subfield code="2">ddc</subfield>
    <subfield code="4">0</subfield>
    <subfield code="7">0</subfield>
    <subfield code="8">NFIC</subfield>
    <subfield code="a">ASL</subfield>
    <subfield code="b">ASL</subfield>
    <subfield code="c">GEN</subfield>
    <subfield code="d">2021-04-03</subfield>
    <subfield code="e">ASB Publications</subfield>
    <subfield code="h">ASP-032</subfield>
    <subfield code="l">0</subfield>
    <subfield code="o">922.97 ALM</subfield>
    <subfield code="p">108250</subfield>
    <subfield code="r">2021-04-03 00:00:00</subfield>
    <subfield code="t">C-9</subfield>
    <subfield code="w">2021-04-03</subfield>
    <subfield code="y">BK</subfield>
    <subfield code="z">RARE</subfield>
  </datafield>
  <datafield tag="952" ind1=" " ind2=" ">
    <subfield code="0">0</subfield>
    <subfield code="1">0</subfield>
    <subfield code="2">ddc</subfield>
    <subfield code="4">0</subfield>
    <subfield code="7">0</subfield>
    <subfield code="8">NFIC</subfield>
    <subfield code="a">ASL</subfield>
    <subfield code="b">ASL</subfield>
    <subfield code="c">GEN</subfield>
    <subfield code="d">2021-04-03</subfield>
    <subfield code="e">ASB Publications</subfield>
    <subfield code="h">ASP-032</subfield>
    <subfield code="l">0</subfield>
    <subfield code="o">922.97 ALM</subfield>
    <subfield code="p">108251</subfield>
    <subfield code="r">2021-04-03 00:00:00</subfield>
    <subfield code="t">C-10</subfield>
    <subfield code="w">2021-04-03</subfield>
    <subfield code="y">BK</subfield>
    <subfield code="z">RARE</subfield>
  </datafield>
  <datafield tag="952" ind1=" " ind2=" ">
    <subfield code="0">0</subfield>
    <subfield code="1">0</subfield>
    <subfield code="2">ddc</subfield>
    <subfield code="4">0</subfield>
    <subfield code="7">0</subfield>
    <subfield code="8">NFIC</subfield>
    <subfield code="a">ASL</subfield>
    <subfield code="b">ASL</subfield>
    <subfield code="c">GEN</subfield>
    <subfield code="d">2021-04-03</subfield>
    <subfield code="e">ASB Publications</subfield>
    <subfield code="h">ASP-032</subfield>
    <subfield code="l">0</subfield>
    <subfield code="o">922.97 ALM</subfield>
    <subfield code="p">108252</subfield>
    <subfield code="r">2021-04-03 00:00:00</subfield>
    <subfield code="t">C-11</subfield>
    <subfield code="w">2021-04-03</subfield>
    <subfield code="y">BK</subfield>
    <subfield code="z">RARE</subfield>
  </datafield>
  <datafield tag="999" ind1=" " ind2=" ">
    <subfield code="c">17525</subfield>
    <subfield code="d">17525</subfield>
  </datafield>
  <controlfield tag="003">BDDh-ASL</controlfield>
  <controlfield tag="005">20231015025547.0</controlfield>
  <controlfield tag="008">161215s1975    bg ||||| |||| 00| 0 eng |</controlfield>
  <datafield tag="040" ind1=" " ind2=" ">
    <subfield code="c">BDDh-ASL</subfield>
    <subfield code="d">BDDh-ASL</subfield>
  </datafield>
  <datafield tag="082" ind1=" " ind2=" ">
    <subfield code="a">922.97</subfield>
    <subfield code="b">ALM</subfield>
  </datafield>
  <datafield tag="245" ind1="0" ind2="0">
    <subfield code="a">AL-MUSNAD MIN MASA'IL ABI 'ABD ALLAH AHMAD B. MUHAMAD B. HANBAL:</subfield>
    <subfield code="b">with an Introduction in English/</subfield>
    <subfield code="c">Dr. Ziauddin Ahmed</subfield>
  </datafield>
  <datafield tag="260" ind1=" " ind2=" ">
    <subfield code="a">Dacca:</subfield>
    <subfield code="b">Asiatic Society of Bangladesh,</subfield>
    <subfield code="c">1975.</subfield>
  </datafield>
  <datafield tag="300" ind1=" " ind2=" ">
    <subfield code="c">24 cm.</subfield>
    <subfield code="a">707 p. : </subfield>
  </datafield>
  <datafield tag="440" ind1=" " ind2=" ">
    <subfield code="a">Asiatic Society of Bangladesh publication;</subfield>
    <subfield code="v">no. 32</subfield>
    <subfield code="9">128</subfield>
  </datafield>
  <datafield tag="504" ind1=" " ind2=" ">
    <subfield code="a">Bibliography: p [20]-29</subfield>
  </datafield>
  <datafield tag="651" ind1=" " ind2=" ">
    <subfield code="x">Bangladesh</subfield>
    <subfield code="9">31</subfield>
  </datafield>
  <datafield tag="700" ind1=" " ind2=" ">
    <subfield code="a">Ahmed, Dr. Ziauddin </subfield>
    <subfield code="9">129</subfield>
  </datafield>
  <datafield tag="942" ind1=" " ind2=" ">
    <subfield code="2">ddc</subfield>
    <subfield code="c">BK</subfield>
  </datafield>
</record>
